Phenomenological modelling of stra-induced structural changes in filler-reinforced elastomers (Record no. 64876)

MARC details
000 -LEADER
fixed length control field 00456nam a2200157Ia 4500
100 ## - MAIN ENTRY--AUTHOR NAME
Personal name Lion A
245 #0 - TITLE STATEMENT
Title Phenomenological modelling of stra-induced structural changes in filler-reinforced elastomers
260 ## - PUBLICATION, DISTRIBUTION, ETC. (IMPRINT)
Name of publisher Kautschuk Gummi Kunststoffe
Year of publication 2005
300 ## - PHYSICAL DESCRIPTION
Number of Pages 157-162
650 ## - SUBJECT ADDED ENTRY--TOPICAL TERM
Topical Term Dynamic moduli
650 ## - SUBJECT ADDED ENTRY--TOPICAL TERM
Topical Term Filled elastomers
650 ## - SUBJECT ADDED ENTRY--TOPICAL TERM
Topical Term Kraus model
650 ## - SUBJECT ADDED ENTRY--TOPICAL TERM
Topical Term Payne effect
942 ## - ADDED ENTRY ELEMENTS (KOHA)
Koha item type Journals
Holdings
Withdrawn status Lost status Damaged status Not for loan Home library Current library Shelving location Date acquired Serial Enumeration / chronology Koha item type
      Journals RRII Library RRII Library Rubber chemistry 17/12/2021 Volume 58, Issue 4 Journals